| 000 | 00821nam a2200205 i 4500 | ||
|---|---|---|---|
| 001 | 47599 | ||
| 003 | ES-MaACL | ||
| 005 | 20230906161609.0 | ||
| 007 | t| | ||
| 008 | 030507s1972 xxu ||||1| eng d | ||
| 080 | _a377:681.31"1972"(063) | ||
| 080 | _a681.31(063) | ||
| 111 | 2 |
_aConference on Computers in the Undergraduate Curricula ( _d1972. _cAtlanta) _9186 |
|
| 245 | 1 | 0 |
_aProceedings of the 1972 Conference on Computers in Undergraduate Curricula _b: june 12,13,14, 1972 Atlanta, Georgia. |
| 260 |
_aAtlanta : _bSouthern Regional Education Board, _c[1972] |
||
| 300 |
_aXII, 590 p. : _bil. ; _c28 cm. |
||
| 650 | 1 | 4 |
_aInformáticos- _xFormación profesional- _vCongresos y asambleas. _913765 |
| 650 | 1 | 4 |
_aInformática- _xCongresos y asambleas. _913761 |
| 852 |
_aES-MaACL _jG-539 _z. - Donat. Ernesto García Camarero |
||
| 999 |
_c47599 _d47599 |
||